Úvod do marketingu služieb
Enregistré dans:
| Auteur principal: | |
|---|---|
| Collectivité auteur: | |
| Autres auteurs: | , , , , |
| Format: | Livre |
| Langue: | slovaque |
| Publié: |
Prešov
Bookman
2012
|
| Édition: | 1. vyd. |
| Sujets: | |
| Tags: |
Pas de tags, Soyez le premier à ajouter un tag!
|
MARC
| LEADER | 00000nam a2200000 4500 | ||
|---|---|---|---|
| 001 | 0226825 | ||
| 005 | 20240502073734.5 | ||
| 020 | |a 978-80-89568-35-2 | ||
| 041 | 0 | |a slo | |
| 044 | |a SK | ||
| 245 | 1 | 0 | |a Úvod do marketingu služieb |c Róbert Štefko ... [et al.] ; recenzovali: Nora Štangová, Zoltán Rózsa |
| 250 | |a 1. vyd. | ||
| 264 | 1 | |a Prešov |b Bookman |c 2012 | |
| 300 | |a 106 s. [5,3 AH] | ||
| 610 | 2 | 0 | |a služby |
| 610 | 2 | 0 | |a marketing služieb |
| 610 | 2 | 0 | |a marketing vzťahový |
| 610 | 2 | 0 | |a marketing interný |
| 610 | 2 | 0 | |a segmentácia trhu |
| 610 | 2 | 0 | |a marketing mix |
| 610 | 2 | 0 | |a komunikácia marketingová |
| 610 | 2 | 0 | |a reklama |
| 610 | 2 | 0 | |a predaj |
| 610 | 2 | 0 | |a podpora predaja |
| 610 | 2 | 0 | |a vzťahy s verejnosťou |
| 610 | 2 | 0 | |a marketing virálny |
| 610 | 2 | 0 | |a marketing elektronický |
| 610 | 2 | 0 | |a event marketing |
| 610 | 2 | 0 | |a plánovanie |
| 610 | 2 | 0 | |a marketing sociálny |
| 610 | 2 | 0 | |a marketing regionálny |
| 610 | 2 | 0 | |a marketing politický |
| 610 | 2 | 0 | |a vzdelávanie |
| 610 | 2 | 0 | |a organizácie neziskové |
| 100 | 1 | |a Štefko, Róbert | |
| 700 | 1 | |a Gburová, Jaroslava | |
| 700 | 1 | |a Bačík, Radovan | |
| 700 | 1 | |a Dorčák, Peter, 1979- | |
| 700 | 1 | |a Štangová, Nora | |
| 700 | 1 | |a Rózsa, Zoltán | |
| 710 | 2 | |a Prešovská univerzita v Prešove. Fakulta manažmentu | |